000
00284nam a2200121 a 4500
005
20141022142005.0
008
080922s19uu xx 00 eng d
050
_a
VCD
_b
P11 2001
245
_a
Pagbabalik sa tribo.
650
_a
VCD.
650
_a
Pagbabalik sa tribo.
942
_c
AVM
999
_c
276475
_d
276475